<?xml version="1.0" encoding="UTF-8"?><?xml-stylesheet type="text/xsl" href="static/style.xsl"?><OAI-PMH xmlns="http://www.openarchives.org/OAI/2.0/" xmlns:xsi="http://www.w3.org/2001/XMLSchema-instance" xsi:schemaLocation="http://www.openarchives.org/OAI/2.0/ http://www.openarchives.org/OAI/2.0/OAI-PMH.xsd"><responseDate>2026-04-18T06:03:55Z</responseDate><request verb="GetRecord" identifier="oai:www.recercat.cat:10230/26267" metadataPrefix="marc">https://recercat.cat/oai/request</request><GetRecord><record><header><identifier>oai:recercat.cat:10230/26267</identifier><datestamp>2025-12-24T08:37:18Z</datestamp><setSpec>com_2072_6</setSpec><setSpec>col_2072_452952</setSpec></header><metadata><record xmlns="http://www.loc.gov/MARC21/slim" xmlns:dcterms="http://purl.org/dc/terms/" xmlns:xsi="http://www.w3.org/2001/XMLSchema-instance" xmlns:doc="http://www.lyncode.com/xoai" xsi:schemaLocation="http://www.loc.gov/MARC21/slim http://www.loc.gov/standards/marcxml/schema/MARC21slim.xsd">
   <leader>00925njm 22002777a 4500</leader>
   <datafield ind2=" " ind1=" " tag="042">
      <subfield code="a">dc</subfield>
   </datafield>
   <datafield ind2=" " ind1=" " tag="720">
      <subfield code="a">Pérez-Bellido, Alexis</subfield>
      <subfield code="e">author</subfield>
   </datafield>
   <datafield ind2=" " ind1=" " tag="720">
      <subfield code="a">Ernst, Marc O.</subfield>
      <subfield code="e">author</subfield>
   </datafield>
   <datafield ind2=" " ind1=" " tag="720">
      <subfield code="a">Soto-Faraco, Salvador, 1970-</subfield>
      <subfield code="e">author</subfield>
   </datafield>
   <datafield ind2=" " ind1=" " tag="720">
      <subfield code="a">López-Moliner, Joan</subfield>
      <subfield code="e">author</subfield>
   </datafield>
   <datafield ind2=" " ind1=" " tag="260">
      <subfield code="c">2016-05-11T12:46:32Z</subfield>
   </datafield>
   <datafield ind2=" " ind1=" " tag="260">
      <subfield code="c">2016-05-11T12:46:32Z</subfield>
   </datafield>
   <datafield ind2=" " ind1=" " tag="260">
      <subfield code="c">2015</subfield>
   </datafield>
   <datafield ind2=" " ind1=" " tag="520">
      <subfield code="a">Recent studies have proposed that some cross-modal illusions might be expressed in what were previously thought of as sensory-specific brain areas. Therefore, one interesting question is whether auditory-driven visual illusory percepts respond to manipulations of low-level visual attributes (such as luminance or chromatic contrast) in the same way as their nonillusory analogs. Here, we addressed this question using the double flash illusion (DFI), whereby one brief flash can be perceived as two when combined with two beeps presented in rapid succession. Our results showed that the perception of two illusory flashes depended on luminance contrast, just as the temporal resolution for two real flashes did. Specifically we found that the higher the luminance contrast, the stronger the DFI. Such a pattern seems to contradict what would be predicted from a maximum likelihood estimation perspective, and can be explained by considering that low-level visual stimulus attributes similarly modulate the perception of sound-induced visual phenomena and &amp;quot;real&amp;quot; visual percepts. This finding provides psychophysical support for the involvement of sensory-specific brain areas in the expression of the DFI. On the other hand, the addition of chromatic contrast failed to produce a change in the strength of the DFI despite it improved visual sensitivity to real flashes. The null impact of chromaticity on the cross-modal illusion might suggest a weaker interaction of the parvocellular visual pathway with the auditory system for cross-modal illusions.</subfield>
   </datafield>
   <datafield ind2=" " ind1=" " tag="520">
      <subfield code="a">This research was supported by the Spanish Ministry of Science and Innovation (PSI2013-41568-P, PSI2013-42626-P), Comissionat per a Universitats i Recerca del DIUEGeneralitat de Catalunya (2014SGR856, SGR2014-079), ICREA-Academy and the European Research Council (StG-2010263145).</subfield>
   </datafield>
   <datafield tag="653" ind2=" " ind1=" ">
      <subfield code="a">Multisensory integration</subfield>
   </datafield>
   <datafield tag="653" ind2=" " ind1=" ">
      <subfield code="a">Audio-visual</subfield>
   </datafield>
   <datafield tag="653" ind2=" " ind1=" ">
      <subfield code="a">Sound induced flash illusion</subfield>
   </datafield>
   <datafield tag="653" ind2=" " ind1=" ">
      <subfield code="a">Magnocellular/parvocellular</subfield>
   </datafield>
   <datafield tag="653" ind2=" " ind1=" ">
      <subfield code="a">Visual cortex</subfield>
   </datafield>
   <datafield tag="653" ind2=" " ind1=" ">
      <subfield code="a">Maximum likelihood estimation</subfield>
   </datafield>
   <datafield ind2="0" ind1="0" tag="245">
      <subfield code="a">Visual limitations shape audio-visual integration</subfield>
   </datafield>
</record></metadata></record></GetRecord></OAI-PMH>